000 00426nab a2200145Ia 4500
003 ES-SlBCS
005 20210601134619.0
008 140529s2001 xxu||||| |||| 00| 0 spa d
041 _aspa
100 1 _aMorales, José Tadeo
_977904
245 0 0 _aHacia una filosofía del caos
_c José Tadeo Morales
650 0 4 _aFilosofía del Caos
_9185118
773 0 _tAnthropos
_gvol. 22, nº. 42, 2001, págs. 33-56
_wRev38
942 _cAR
999 _c615310
_d615310